Problémy riadenia podnikovej informatiky na Slovensku

Gespeichert in:
Bibliographische Detailangaben
1. Verfasser: Romanová, Anita, 1973-
Weitere Verfasser: Kokles, Mojmír
Format: Buchkapitel
Sprache:Slowakisch
Tags: Tag hinzufügen
Keine Tags, Fügen Sie das erste Tag hinzu!

MARC

LEADER 00000naa$a2200000$$$4500
001 0061561
005 20240502083147.7
041 0 |a slo 
044 |a CZ 
245 1 0 |a Problémy riadenia podnikovej informatiky na Slovensku  |c Anita Romanová, Mojmír Kokles 
100 1 |a Romanová, Anita, 1973- 
700 1 |a Kokles, Mojmír